Engineering mathematics: (Record no. 593)

MARC details
000 -LEADER
fixed length control field 00910nam a22002897a 4500
005 - DATE AND TIME OF LATEST TRANSACTION
control field 20250420134817.0
008 - FIXED-LENGTH DATA ELEMENTS--GENERAL INFORMATION
fixed length control field 200811b ||||| |||| 00| 0 eng d
020 ## - INTERNATIONAL STANDARD BOOK NUMBER
International Standard Book Number 9789401093132
040 ## - CATALOGING SOURCE
Transcribing agency KCST
082 ## - DEWEY DECIMAL CLASSIFICATION NUMBER
Classification number 620.00151
Item number Sp En
100 ## - MAIN ENTRY--PERSONAL NAME
Personal name Spencer, A J M
9 (RLIN) 5022
245 ## - TITLE STATEMENT
Title Engineering mathematics:
Remainder of title vol 1 /
Statement of responsibility, etc. A J M Spencer, D F Parker, D S Berry, A H England, T R Faulkner, W A Green, J T Holden, D Middleton, T G Rogers
260 ## - PUBLICATION, DISTRIBUTION, ETC.
Place of publication, distribution, etc. [not identified]
Name of publisher, distributor, etc. Springer Sciecne +Business Media, LLC
Date of publication, distribution, etc. 1977.
300 ## - PHYSICAL DESCRIPTION
Extent 536 p.
650 ## - SUBJECT ADDED ENTRY--TOPICAL TERM
Topical term or geographic name entry element Engineering Mathematics
9 (RLIN) 5023
650 ## - SUBJECT ADDED ENTRY--TOPICAL TERM
Topical term or geographic name entry element Mathematics
9 (RLIN) 408
700 ## - ADDED ENTRY--PERSONAL NAME
Personal name Parker, D F
9 (RLIN) 5024
700 ## - ADDED ENTRY--PERSONAL NAME
Personal name Berry, D S
9 (RLIN) 5025
700 ## - ADDED ENTRY--PERSONAL NAME
Personal name England, A H
9 (RLIN) 5026
700 ## - ADDED ENTRY--PERSONAL NAME
Personal name Faulkner, T R
9 (RLIN) 5027
700 ## - ADDED ENTRY--PERSONAL NAME
Personal name Green W A
9 (RLIN) 5028
700 ## - ADDED ENTRY--PERSONAL NAME
Personal name Holden, J T
9 (RLIN) 5029
700 ## - ADDED ENTRY--PERSONAL NAME
Personal name Middleton, D
9 (RLIN) 5030
700 ## - ADDED ENTRY--PERSONAL NAME
Personal name Rogers, T G
9 (RLIN) 5031
942 ## - ADDED ENTRY ELEMENTS (KOHA)
Koha item type Book
942 ## - ADDED ENTRY ELEMENTS (KOHA)
Source of classification or shelving scheme Dewey Decimal Classification
Holdings
Withdrawn status Lost status Source of classification or shelving scheme Damaged status Not for loan Home library Current library Date acquired Cost, normal purchase price Total checkouts Full call number Barcode Date last seen Price effective from Koha item type
    Dewey Decimal Classification     KCST Library KCST Library 11/08/2020 0.00   620.00151 Sp En 1000000457 11/08/2020 11/08/2020 Book
© 2025 KCST. All rights reserved